[Event "Hamar CC-ch A"]
[Site "Hamar"]
[Date "2019.05.12"]
[Round "9"]
[White "Frydendal, Odd"]
[Black "Dahl, Lars Havard Skugger"]
[Result "0-1"]
[WhiteElo "1393"]
[BlackElo "1321"]
[PlyCount "30"]
[EventDate "2019.02.21"]
[EventType "swiss"]
[EventRounds "9"]
[EventCountry "NOR"]
[SourceTitle "EXT 2024"]
[Source "ChessBase"]
[SourceDate "2023.10.10"]
[SourceVersion "1"]
[SourceVersionDate "2023.10.10"]
[SourceQuality "1"]

1. b4 e5 2. Bb2 Bxb4 3. Bxe5 Nf6 4. e3 d5 5. a3 Ba5 6. Nf3 c5 7. c4 Nc6 8. Bb2 d4 9. Qb3 0-0 10. Be2 dxe3 11. fxe3 Ne4 12. Nc3 Bxc3 13. Bxc3 Bg4 14. Bb2 Bxf3 15. Bxf3 Qxd2+ 0-1

[Event "Hamar CC-ch A"]
[Site "Hamar"]
[Date "2019.03.07"]
[Round "3"]
[White "Frydendal, Odd"]
[Black "Flermoen, Markus"]
[Result "1-0"]
[WhiteElo "1393"]
[BlackElo "1245"]
[PlyCount "67"]
[EventDate "2019.02.21"]
[EventType "swiss"]
[EventRounds "9"]
[EventCountry "NOR"]
[SourceTitle "EXT 2024"]
[Source "ChessBase"]
[SourceDate "2023.10.10"]
[SourceVersion "1"]
[SourceVersionDate "2023.10.10"]
[SourceQuality "1"]

1. b4 e5 2. Bb2 Bxb4 3. Bxe5 Nc6 4. Bxg7 Qg5 5. Bxh8 f6 6. e3 h5 7. Be2 h4 8. Bh5+ Ke7 9. Qg4 Qd5 10. Qg7+ Kd6 11. Bf7 Qf5 12. Bxg8 Qxc2 13. Qf8+ Ne7 14. Qxf6+ Kc5 15. Qxe7+ Kb5 16. Qe5+ c5 17. a4+ Ka5 18. Ne2 b6 19. Nbc3 Ba6 20. Bd5 Rf8 21. Be4 Qb2 22. Rb1 Qa3 23. Nd4 Bxc3 24. Nb3+ Kxa4 25. Qxc3 Qb4 26. Ra1+ Kb5 27. Bd3+ c4 28. Qe5+ Kc6 29. Be4+ d5 30. Qxd5+ Kc7 31. Be5+ Kc8 32. Qc6+ Kd8 33. Qc7+ Ke8 34. Bc6# 1-0

[Event "Hamar op B"]
[Site "Hamar"]
[Date "2017.12.07"]
[Round "7"]
[White "Kvernvolden, Frank"]
[Black "Frydendal, Odd"]
[Result "0-1"]
[WhiteElo "1209"]
[BlackElo "1399"]
[PlyCount "108"]
[EventDate "2017.09.07"]
[EventType "swiss"]
[EventRounds "7"]
[EventCountry "NOR"]
[SourceTitle "EXT 2024"]
[Source "ChessBase"]
[SourceDate "2023.10.10"]
[SourceVersion "1"]
[SourceVersionDate "2023.10.10"]
[SourceQuality "1"]

1. e4 c6 2. Bc4 d6 3. a3 Nf6 4. Nc3 e5 5. h3 g6 6. Nf3 Bg7 7. 0-0 0-0 8. d4 Nxe4 9. Nxe4 d5 10. Bg5 Qb6 11. Nf6+ Bxf6 12. Bxf6 e4 13. Ne5 dxc4 14. Qd2 c5 15. Qg5 Nd7 16. Nxd7 Bxd7 17. dxc5 Qe6 18. Bc3 Rac8 19. Qh6 f6 20. Rad1 Rf7 21. Qe3 Bc6 22. Rd6 Qe8 23. Bxf6 Qf8 24. Qg5 Ba4 25. Rfd1 Re8 26. Rd8 Rxf6 27. Qd5+ Kg7 28. Rxe8 Bxe8 29. Qxb7+ Rf7 30. Qxe4 Rxf2 31. Qxc4 Bc6 32. Qd4+ Rf6 33. g4 Kg8 34. b4 Rf3 35. Qc4+ Kg7 36. Rf1 Rxf1+ 37. Qxf1 Qxf1+ 38. Kxf1 Kf6 39. c4 a6 40. Kf2 Ke5 41. Ke3 g5 42. Kd3 Bg2 43. a4 Bxh3 44. c6 Kd6 45. b5 Bxg4 46. bxa6 Kxc6 47. a5 h5 48. Kd4 h4 49. a7 Kb7 50. c5 Bf3 51. Kc4 h3 52. a8Q+ Kxa8 53. Kb5 h2 54. Kb6 h1Q 0-1

[Event "Hamar op B"]
[Site "Hamar"]
[Date "2017.10.19"]
[Round "4"]
[White "Frydendal, Odd"]
[Black "Floen, Frode"]
[Result "1-0"]
[WhiteElo "1399"]
[BlackElo "1483"]
[PlyCount "113"]
[EventDate "2017.09.07"]
[EventType "swiss"]
[EventRounds "7"]
[EventCountry "NOR"]
[SourceTitle "EXT 2024"]
[Source "ChessBase"]
[SourceDate "2023.10.10"]
[SourceVersion "1"]
[SourceVersionDate "2023.10.10"]
[SourceQuality "1"]

1. b4 d5 2. Bb2 e6 3. e3 Nf6 4. b5 Be7 5. c4 0-0 6. Nf3 Nbd7 7. Qc2 c6 8. a4 Qc7 9. d4 Ne4 10. Bd3 f5 11. 0-0 Bf6 12. Nbd2 b6 13. Qb3 Bb7 14. Rfc1 c5 15. cxd5 Bxd5 16. Bc4 Qd6 17. Nxe4 fxe4 18. Nd2 Kh8 19. Qc2 Rac8 20. Nxe4 Qe7 21. Nxf6 gxf6 22. e4 Bxc4 23. Qxc4 cxd4 24. Qxd4 Qg7 25. Rc3 e5 26. Qd2 Nc5 27. Qc2 Rfd8 28. Rg3 Qf7 29. h3 Rg8 30. Raa3 Qh5 31. Rxg8+ Rxg8 32. f4 Rg6 33. fxe5 fxe5 34. Qc3 Rg5 35. Bc1 Nxe4 36. Qc8+ Rg8 37. Qc2 Ng3 38. Rf3 Qg6 39. Qxg6 Rxg6 40. Bb2 Ne2+ 41. Kf2 Nd4 42. Re3 Rf6+ 43. Kg1 Rf5 44. Rxe5 Rf4 45. Rd5 Kg8 46. Rxd4 Rf8 47. Rd7 Rf7 48. Rxf7 Kxf7 49. Be5 Ke6 50. Bb8 Kd7 51. Bxa7 Kc7 52. Bxb6+ Kxb6 53. g4 Ka5 54. h4 Kxa4 55. b6 Kb5 56. b7 Kb6 57. b8Q+ 1-0

[Event "Hamar op B"]
[Site "Hamar"]
[Date "2017.10.05"]
[Round "3"]
[White "Mouawad, Jad"]
[Black "Frydendal, Odd"]
[Result "0-1"]
[WhiteElo "1343"]
[BlackElo "1399"]
[PlyCount "96"]
[EventDate "2017.09.07"]
[EventType "swiss"]
[EventRounds "7"]
[EventCountry "NOR"]
[SourceTitle "EXT 2024"]
[Source "ChessBase"]
[SourceDate "2023.10.10"]
[SourceVersion "1"]
[SourceVersionDate "2023.10.10"]
[SourceQuality "1"]

1. d4 Nf6 2. c4 c5 3. Nf3 e6 4. Nc3 cxd4 5. Nxd4 Nc6 6. Bf4 a6 7. Nf3 d6 8. e3 Be7 9. Bd3 0-0 10. Qc2 Nb4 11. Qd2 Qb6 12. Na4 Nxd3+ 13. Qxd3 Qb4+ 14. Nc3 e5 15. a3 Qxb2 16. 0-0 Qb6 17. Bg5 Qc6 18. Bxf6 Bxf6 19. Nd5 Bd8 20. Nb4 Qc5 21. Nd2 Be6 22. Rac1 f5 23. Nb3 Qc7 24. c5 Qf7 25. Nd2 a5 26. Nc2 dxc5 27. Qc3 Qc7 28. Nf3 Bf6 29. Nfe1 c4 30. e4 fxe4 31. Qg3 Qe7 32. Ne3 b5 33. Ng4 Bg5 34. Rc2 Bf4 35. Qh3 Qg5 36. f3 h5 37. fxe4 hxg4 38. Qc3 Be3+ 39. Rcf2 Rxf2 40. Rxf2 Rf8 41. Nf3 gxf3 42. g3 Rd8 43. Qc2 Rd2 44. Qxd2 Bxd2 45. Rxf3 Bg4 46. h4 Qg6 47. Rf1 Be2 48. Rb1 Qxg3+ 0-1

[Event "Hamar op B"]
[Site "Hamar"]
[Date "2017.09.21"]
[Round "2"]
[White "Frydendal, Odd"]
[Black "Rohne, Jorgen"]
[Result "1-0"]
[WhiteElo "1399"]
[BlackElo "1279"]
[PlyCount "67"]
[EventDate "2017.09.07"]
[EventType "swiss"]
[EventRounds "7"]
[EventCountry "NOR"]
[SourceTitle "EXT 2024"]
[Source "ChessBase"]
[SourceDate "2023.10.10"]
[SourceVersion "1"]
[SourceVersionDate "2023.10.10"]
[SourceQuality "1"]

1. b4 e5 2. Bb2 d6 3. c4 Nd7 4. e3 Ngf6 5. Nc3 c6 6. a4 b6 7. d4 Bb7 8. Nf3 Qe7 9. Be2 h6 10. b5 e4 11. Nd2 d5 12. Qb3 Qe6 13. bxc6 Bxc6 14. Nb5 Bxb5 15. axb5 Bd6 16. cxd5 Qe7 17. 0-0 0-0 18. Rfc1 Rfb8 19. Rc6 Rb7 20. Rac1 Kh7 21. Nc4 Ne8 22. Nxd6 Nxd6 23. Ba3 Qd8 24. Bxd6 Nf6 25. f3 Rd7 26. Be5 Rxd5 27. Qc2 Ng8 28. Qxe4+ g6 29. Bd3 Ne7 30. Qf4 f5 31. Rc7 Rd7 32. Rxd7 Qxd7 33. Rc7 Qe6 34. Bc4 1-0

[Event "Hamar CC-ch B"]
[Site "Hamar"]
[Date "2017.02.16"]
[Round "4"]
[White "Teum, Erlend"]
[Black "Frydendal, Odd"]
[Result "0-1"]
[WhiteElo "1065"]
[BlackElo "1191"]
[PlyCount "68"]
[EventDate "2017.01.05"]
[EventType "swiss"]
[EventRounds "9"]
[EventCountry "NOR"]
[SourceTitle "EXT 2024"]
[Source "ChessBase"]
[SourceDate "2023.10.10"]
[SourceVersion "1"]
[SourceVersionDate "2023.10.10"]
[SourceQuality "1"]

1. e4 c5 2. Nf3 d6 3. Bc4 Nf6 4. d3 e6 5. Bg5 Be7 6. 0-0 a6 7. a3 Nc6 8. h3 h6 9. Bd2 b5 10. Ba2 Bd7 11. Nc3 Qc7 12. Ne2 a5 13. Ng3 0-0 14. Bc3 Rfb8 15. Re1 b4 16. Bd2 a4 17. axb4 cxb4 18. b3 a3 19. c3 bxc3 20. Bxc3 Nb4 21. Bxb4 Rxb4 22. d4 Qb7 23. e5 dxe5 24. dxe5 Nd5 25. Qd2 Rb6 26. Rac1 Bb4 27. Qd4 Bxe1 28. Rxe1 Nb4 29. Re2 Nxa2 30. Rxa2 Rxb3 31. Qg4 Rb4 32. Nd4 Qd5 33. Nh5 Qxe5 34. Nf3 Rb1+ 0-1

[Event "Hamar CC-ch B"]
[Site "Hamar"]
[Date "2017.01.19"]
[Round "2"]
[White "Frydendal, Odd"]
[Black "Hansen, Mats Myhr"]
[Result "1-0"]
[WhiteElo "1191"]
[BlackElo "1129"]
[PlyCount "59"]
[EventDate "2017.01.05"]
[EventType "swiss"]
[EventRounds "9"]
[EventCountry "NOR"]
[SourceTitle "EXT 2024"]
[Source "ChessBase"]
[SourceDate "2023.10.10"]
[SourceVersion "1"]
[SourceVersionDate "2023.10.10"]
[SourceQuality "1"]

1. b4 e5 2. Bb2 d6 3. e3 Nf6 4. b5 c6 5. a4 Nbd7 6. c4 d5 7. Nf3 e4 8. Nd4 c5 9. Nb3 Qc7 10. a5 Ne5 11. Qc2 Bg4 12. Nc3 Nf3+ 13. gxf3 Bxf3 14. Rg1 Qxh2 15. Rg3 Ng4 16. Rxf3 exf3 17. d4 Nxe3 18. Qd3 Ng2+ 19. Kd1 Be7 20. Nxd5 Nf4 21. Qxf3 Nxd5 22. cxd5 0-0 23. dxc5 Rfe8 24. Bc4 Qg1+ 25. Kc2 Qg6+ 26. Bd3 Qg5 27. Qh1 f5 28. Rg1 Qf4 29. Rxg7+ Kf8 30. Rf7+ 1-0

[Event "Hamar Ridabu School-ch B"]
[Site "Hamar"]
[Date "2016.04.21"]
[Round "8"]
[White "Frydendal, Odd"]
[Black "Haraldstad, Tore"]
[Result "0-1"]
[WhiteElo "1293"]
[BlackElo "1173"]
[PlyCount "74"]
[EventDate "2016.01.07"]
[EventType "swiss"]
[EventRounds "9"]
[EventCountry "NOR"]
[SourceTitle "EXT 2024"]
[Source "ChessBase"]
[SourceDate "2023.10.10"]
[SourceVersion "1"]
[SourceVersionDate "2023.10.10"]
[SourceQuality "1"]

1. e4 e5 2. Nf3 Nc6 3. Bb5 d6 4. 0-0 Bd7 5. c3 Nf6 6. Re1 a6 7. Ba4 Na5 8. Bc2 Bg4 9. d4 Nc4 10. b3 Bxf3 11. Qxf3 Nb6 12. a4 Qe7 13. Ba3 0-0-0 14. Nd2 Qe6 15. h3 c6 16. Rad1 d5 17. exd5 Qxd5 18. Bxf8 Qxf3 19. Nxf3 Rhxf8 20. Nxe5 g6 21. Re3 Nfd5 22. Rf3 f5 23. a5 Nd7 24. Nc4 Kc7 25. Re1 Rfe8 26. Ne5 Re7 27. c4 Nb4 28. Bb1 c5 29. Nd3 Rxe1+ 30. Nxe1 cxd4 31. Nd3 Nxd3 32. Bxd3 Ne5 33. Rg3 Kc6 34. f4 Nxd3 35. Rxd3 Kc5 36. Kf2 Kb4 37. Ke2 Kxa5 0-1

[Event "Hamar Ridabu School-ch B"]
[Site "Hamar"]
[Date "2016.02.04"]
[Round "3"]
[White "Frydendal, Odd"]
[Black "Orsleie, Sivert Nikolai"]
[Result "0-1"]
[WhiteElo "1293"]
[BlackElo "1306"]
[PlyCount "46"]
[EventDate "2016.01.07"]
[EventType "swiss"]
[EventRounds "9"]
[EventCountry "NOR"]
[SourceTitle "EXT 2024"]
[Source "ChessBase"]
[SourceDate "2023.10.10"]
[SourceVersion "1"]
[SourceVersionDate "2023.10.10"]
[SourceQuality "1"]

1. b4 e5 2. Bb2 Bxb4 3. Bxe5 Nf6 4. e3 Nc6 5. Bb2 0-0 6. c4 d5 7. Nf3 Be6 8. Qb3 Re8 9. Be2 dxc4 10. Bxc4 Qe7 11. a3 Na5 12. Qxb4 Nxc4 13. Qxe7 Rxe7 14. Bc3 Ne4 15. d3 Nxc3 16. Nxc3 Nb6 17. h3 Rd8 18. Ke2 Red7 19. Nd4 Nd5 20. Nxd5 Bxd5 21. e4 Bxe4 22. dxe4 Rxd4 23. f3 Rd2+ 0-1

[Event "Hamar Ridabu School-ch B"]
[Site "Hamar"]
[Date "2016.01.21"]
[Round "2"]
[White "Kanstad, Jan Magnus"]
[Black "Frydendal, Odd"]
[Result "1-0"]
[WhiteElo "1413"]
[BlackElo "1293"]
[PlyCount "113"]
[EventDate "2016.01.07"]
[EventType "swiss"]
[EventRounds "9"]
[EventCountry "NOR"]
[SourceTitle "EXT 2024"]
[Source "ChessBase"]
[SourceDate "2023.10.10"]
[SourceVersion "1"]
[SourceVersionDate "2023.10.10"]
[SourceQuality "1"]

1. d4 Nf6 2. Bf4 d5 3. Nf3 e6 4. Nbd2 c5 5. c3 Nc6 6. e3 Bd6 7. Bg3 0-0 8. Bd3 Re8 9. Ne5 Qc7 10. f4 g6 11. 0-0 Nh5 12. Bh4 Ng7 13. Bf6 Be7 14. Ng4 h5 15. Bxe7 Qxe7 16. Ne5 c4 17. Bc2 Nf5 18. Qf3 Qf6 19. e4 Nfe7 20. Rae1 Qg7 21. exd5 exd5 22. Ba4 Nxe5 23. Rxe5 f6 24. Re3 Bg4 25. Qf2 Nc6 26. Rfe1 Qf7 27. Qg3 Rxe3 28. Rxe3 Re8 29. Bc2 Rxe3 30. Qxe3 Kg7 31. h3 Qe6 32. Qg3 Bf5 33. Bxf5 Qxf5 34. Nf3 Ne7 35. Qe1 Qe4 36. Qxe4 dxe4 37. Ne1 Nd5 38. g3 f5 39. h4 b5 40. Kf2 a5 41. Nc2 Kf7 42. Na3 Nc7 43. b3 cxb3 44. axb3 Ke6 45. c4 bxc4 46. Nxc4 Kd5 47. Ke3 Nb5 48. Nb6+ Kc6 49. Nc4 Nc3 50. Nxa5+ Kb5 51. Nc4 Kb4 52. Ne5 Kxb3 53. Nxg6 Kc2 54. Ne7 Kc1 55. d5 Nd1+ 56. Ke2 Nc3+ 57. Ke1 1-0